Cardinal ideas of Isaiah, (Record no. 3764)

MARC details
000 -LEADER
fixed length control field 00706cam a22002291 4500
001 - CONTROL NUMBER
control field 8733111
003 - CONTROL NUMBER IDENTIFIER
control field GBCCL
005 - DATE AND TIME OF LATEST TRANSACTION
control field 20241126110503.0
008 - FIXED-LENGTH DATA ELEMENTS--GENERAL INFORMATION
fixed length control field 770427s1925 nyu 000 0 eng
010 ## -
-- 25017356
035 ## - SYSTEM CONTROL NUMBER
System control number (OCoLC)2922011
040 ## - CATALOGING SOURCE
Original cataloging agency DLC
Transcribing agency ODa
Modifying agency PPLT
-- DLC
050 00 -
-- BS1515
-- .J4
082 ## - DEWEY DECIMAL CLASSIFICATION NUMBER
Classification number 224.106
Item number JEF
100 1# - MAIN ENTRY--PERSONAL NAME
Personal name Jefferson, Charles Edward,
Dates associated with a name 1860-1937.
9 (RLIN) 7565
245 10 - TITLE STATEMENT
Title Cardinal ideas of Isaiah,
Statement of responsibility, etc. by Charles E. Jefferson.
260 ## - PUBLICATION, DISTRIBUTION, ETC.
Place of publication, distribution, etc. New York,
Name of publisher, distributor, etc. The Macmillan company,
Date of publication, distribution, etc. 1925.
300 ## - PHYSICAL DESCRIPTION
Extent 4 p. l., 199 p.
Dimensions 20 cm.
630 00 - SUBJECT ADDED ENTRY--UNIFORM TITLE
Uniform title Bible.
Name of part/section of a work Isaiah
General subdivision Criticism, interpretation, etc.
9 (RLIN) 7566
906 ## - LOCAL DATA ELEMENT F, LDF (RLIN)
a 7
b cbc
c oclcrpl
d u
e ncip
f 19
g y-gencatlg
942 ## - ADDED ENTRY ELEMENTS (KOHA)
Source of classification or shelving scheme Dewey Decimal Classification
Koha item type Books
Koha issues (borrowed), all copies 6
Holdings
Withdrawn status Lost status Source of classification or shelving scheme Damaged status Not for loan Home library Current Library Shelving location Date acquired Total checkouts Full call number Barcode Date last seen Date last checked out Copy number Price effective from Koha item type
    Dewey Decimal Classification     GRACE BIBLE COLLEGE GRACE BIBLE COLLEGE Biblical Studies 2017-12-08 6 224.106 JEF 000886 2025-05-01 2023-09-12 c.1 2017-12-08 Books
© Grace Bible College Library 2025